| 000 | 01923nam a2200373 a 4500 | ||
|---|---|---|---|
| 003 | BLK | ||
| 005 | 20230613142658.0 | ||
| 008 | 180412b bul|||||r ||||||| ||bul|| | ||
| 010 | _aKNG00001294000 | ||
| 040 | _aBLK | ||
| 041 |
_aBUL _cBUL |
||
| 080 |
_aФорми на предприятията в зависимост от отношението към собствеността... _b334.72 _x.008(035) _z334.72.008(035) |
||
| 080 |
_aУправление на предприятията. Организация на производството, търговията, транспорта и съобщенията. Полиграфическа промишленост и издателско дело _b005 _x.012(035) _z005.012(035) |
||
| 100 | 1 |
_aМорис, Майкъл _eпърви автор _9242922 |
|
| 139 |
_aМорис, Майкъл _bМ 89 |
||
| 245 | 1 | 0 |
_aКак да основем собствена фирма _bПътеводител _cМайкъл Морис. |
| 257 | _aGBR | ||
| 260 |
_aБургас _bДелфин прес _c1993 |
||
| 300 |
_a207 с. _bс табл., диагр. _c24 см |
||
| 380 | _a3 | ||
| 490 |
_aБиблиотека Изкуството на бизнеса _v13 |
||
| 500 | _aДеп. списък: 14 Ориг. загл. Starting a successful small businness / M. J. Morris ; 2 000 тир | ||
| 650 | 4 |
_aФирми - организация и управление - наръчници и ръководства _9242923 |
|
| 650 | 4 |
_aУправление - фирми - наръчници и ръководства _9242924 |
|
| 650 | 4 |
_aМаркетинг - наръчници и ръководства _9242925 |
|
| 653 | _aфирми | ||
| 852 |
_aЦб 176336 _bЦб |
||
| 856 | 4 |
_qpdf _u |
|
| 856 | 4 |
_qpdf _u |
|
| 942 |
_cKNG _n0 _02 |
||
| 944 |
_aCR _c05.06.2003 _kНаталия_Медовщикова |
||
| 944 |
_aED _c08.11.2005 |
||
| 999 |
_c737 _d737 |
||
| 999 | _d737 | ||